Normal view
MARC view
- मांडके, शशिकांत
Entry Personal Name
001 - CONTROL NUMBER
- control field: 216975
003 - CONTROL NUMBER IDENTIFIER
- control field: OSt
005 - DATE AND TIME OF LATEST TRANSACTION
- control field: 20260310165021.0
008 - FIXED-LENGTH DATA ELEMENTS
- fixed length control field: 260310|| aca||aabn | a|a d
040 ## - CATALOGING SOURCE
- Original cataloging agency: OSt
- Transcribing agency: OSt
100 ## - HEADING--PERSONAL NAME
- Personal name: मांडके, शशिकांत
670 ## - SOURCE DATA FOUND
- Source citation: Work cat.: (OSt)370683: मांडके, शशिकांत, शौर्यभास्कर नेताजी , 2023